Top 5 Songs On Unorthodox Jukebox (Bruno Mars) - Statistics

General Stats
  • This quiz has been taken 65 times
    61 since last reset
  • The average score is 4 of 5
Answer Stats
Hint Answer % Correct
1,372,472,825 Locked out of Heaven
90%
1,545,328,322 When I Was Your Man
90%
208,664,227 Gorilla
88%
779,736,627 Treasure
88%
203,823,700 Young Girls
76%
No matching quizzes found
Score Distribution
Percent of People with Each Score
Percentile by Number Answered
Your Score History
You have not taken this quiz since the last reset